| Tag |
First Indicator |
Second Indicator |
Subfields |
| LEADER |
00000nam a2200000 4500 |
| 001 |
in00004226607 |
| 005 |
20200806094246.0 |
| 006 |
m g d |
| 007 |
cr bn |||a|bb| |
| 008 |
900816s1638 enk o 00| | eng d |
| 035 |
|
|
|a (UnM)99835888
|
| 037 |
|
|
|a CL0036000035
|b ProQuest. 789 E. Eisenhower Parkway, Ann Arbor, MI 48108-3218
|
| 040 |
|
|
|a Cu-RivES
|c Cu-RivES
|d CStRLIN
|e dcrb
|d WaOLN
|
| 100 |
1 |
|
|a Robinson, John,
|d 1575?-1625.
|
| 240 |
1 |
0 |
|a Observations divine and morall
|
| 245 |
0 |
0 |
|a Essayes; or, observations divine and morall :
|b collected out of holy Scriptures, ancient and moderne writers, both divine and humane. As also, out of the great volume of mens manners: tending to the furtherance of knowledge and vertue. By Iohn Robinson.
|
| 246 |
2 |
|
|a Observations divine and morall.
|
| 250 |
|
|
|a The second edition, with two tables, the one of the authours quoted; the other of the matters contained in the observations.
|
| 260 |
|
|
|a London :
|b Printed by I. D[awson] for I. Bellamie, at the three golden Lyons in Cornhill neere the Royall Exchange,
|c 1638.
|
| 300 |
|
|
|a 1 online resource ([32], 566 pages)
|
| 336 |
|
|
|a text
|b txt
|2 rdacontent
|
| 337 |
|
|
|a computer
|b c
|2 rdamedia
|
| 338 |
|
|
|a online resource
|b cr
|2 rdacarrier
|
| 500 |
|
|
|a Signatures: A⁴ [2d]A-Aa¹² Bb.
|
| 500 |
|
|
|a Printer from STC.
|
| 500 |
|
|
|a Another edition of STC 21112, published in 1625 with title: Observations divine and morall. For the furthering of knowledg, and vertue.
|
| 500 |
|
|
|a Signature A1 and pages 266-67 and 455 tightly bound with some loss of printing.
|
| 500 |
|
|
|a Beginning-page 3, 258-77 and 448-67 from Union Theological Seminary (New York, N.Y.). Library copy spliced at end.
|
| 500 |
|
|
|a Reproduction of original in the British Library.
|
| 510 |
4 |
|
|a STC (2nd edition)
|c 21114.
|
| 533 |
|
|
|a Electronic reproduction.
|b Ann Arbor, Mich. :
|c UMI,
|d 1999-
|f (Early English books online)
|n Digital version of: (Early English books, 1475-1640 ; 1287:01)
|7 s1999 miun s
|
| 650 |
|
0 |
|a Christian life
|v Early works to 1800.
|
| 650 |
|
0 |
|a Conduct of life
|v Early works to 1800.
|
| 650 |
|
0 |
|a Maxims
|v Early works to 1800.
|
| 830 |
|
0 |
|a Early English books online.
|
| 856 |
4 |
0 |
|u http://proxy.library.tamu.edu/login?url=https://search.proquest.com/docview/2240876667
|z Connect to the full text of this electronic book
|t 0
|
| 999 |
f |
f |
|s 9f8d7072-c0e3-3a36-a12d-741d459d5433
|i 71a68eb2-e28f-3fa5-86b5-4d5d1ebfe01b
|t 0
|
| 952 |
f |
f |
|a Texas A&M University
|b College Station
|c Electronic Resources
|d Available Online
|t 0
|h No information provided
|
| 998 |
f |
f |
|t 0
|l Available Online
|